[Event "Barcelona Sant Marti op-A 20th"]
[Site "Barcelona"]
[Date "2018.07.19"]
[Round "7"]
[White "Romero Gamez, Francisco Javier"]
[Black "Casaponsa Puig, Gaieta"]
[Result "1/2-1/2"]
[WhiteElo "1540"]
[BlackElo "1818"]
[PlyCount "85"]
[EventDate "2018.07.13"]
[EventType "swiss"]
[EventRounds "9"]
[EventCountry "ESP"]
[SourceTitle "CBM 185 Extra"]
[Source "ChessBase"]
[SourceDate "2018.07.29"]
[SourceVersion "1"]
[SourceVersionDate "2018.07.29"]
[SourceQuality "1"]

1. e4 c6 2. d4 d5 3. Nc3 dxe4 4. Nxe4 Nd7 5. Nf3 Ngf6 6. Nxf6+ Nxf6 7. Bc4 e6 8. 0-0 Be7 9. c3 0-0 10. Bg5 h6 11. Bh4 b5 12. Bb3 Bb7 13. Bc2 c5 14. Qe2 c4 15. Ne5 Bd5 16. Rad1 Qc7 17. f4 Qb7 18. Rde1 a5 19. Bxf6 Bxf6 20. Ng4 Qe7 21. Nxf6+ Qxf6 22. Be4 Rad8 23. Bxd5 Rxd5 24. a3 Rfd8 25. Qg4 b4 26. axb4 axb4 27. Rf3 b3 28. Re5 Ra8 29. Rxd5 exd5 30. g3 Qe7 31. Rf2 Ra1+ 32. Kg2 Qe4+ 33. Qf3 Rc1 34. Qxe4 dxe4 35. Re2 f5 36. Kf2 Rd1 37. Re1 Rd3 38. Re3 Kf7 39. Rxd3 exd3 40. Ke3 Ke6 41. Kd2 Kd5 42. Ke3 g5 43. Kf3 1/2-1/2

[Event "Barcelona Sant Marti op-A 20th"]
[Site "Barcelona"]
[Date "2018.07.15"]
[Round "3"]
[White "Casaponsa Puig, Gaieta"]
[Black "Nigalidze, Zviad"]
[Result "0-1"]
[WhiteElo "1818"]
[BlackElo "1968"]
[PlyCount "124"]
[EventDate "2018.07.13"]
[EventType "swiss"]
[EventRounds "9"]
[EventCountry "ESP"]
[SourceTitle "CBM 185 Extra"]
[Source "ChessBase"]
[SourceDate "2018.07.29"]
[SourceVersion "1"]
[SourceVersionDate "2018.07.29"]
[SourceQuality "1"]

1. d4 Nf6 2. c4 e6 3. Nc3 d5 4. e3 Bb4 5. Bd2 0-0 6. Bd3 Nc6 7. f4 Bxc3 8. Bxc3 dxc4 9. Bxc4 Nd5 10. Qf3 a6 11. Ne2 b5 12. Bb3 Bb7 13. Qh3 Nce7 14. Bc2 Nf6 15. 0-0 Be4 16. Bxe4 Nxe4 17. Ng3 Nxc3 18. bxc3 Nd5 19. Ne4 Qe7 20. Rac1 f5 21. Nc5 Rf6 22. Qf3 Qf7 23. Nd3 c6 24. c4 bxc4 25. Rxc4 Qb7 26. Rfc1 Rc8 27. Ne5 Ne7 28. Nxc6 Nxc6 29. Rxc6 Rcf8 30. Qe2 e5 31. Qc4+ Kh8 32. fxe5 Rxc6 33. Qxc6 Qa7 34. Qc5 Qb8 35. d5 h5 36. d6 Rd8 37. h3 Qb2 38. e6 Rxd6 39. Qc8+ Kh7 40. e7 Rg6 41. g4 Qe5 42. Qc5 Qg3+ 43. Kf1 Qxh3+ 44. Ke1 Qg3+ 45. Kd2 Qg2+ 46. Kd3 Qe4+ 47. Ke2 Qxg4+ 48. Kd3 Qe4+ 49. Kd2 Re6 50. Rc4 Qe5 51. Qxe5 Rxe5 52. Rc7 h4 53. Rc4 g5 54. Ra4 h3 55. Rxa6 h2 56. Ra7 Kg6 57. Ra6+ Kg7 58. Ra7 Kf7 59. e8Q+ Kxe8 60. Rh7 Ra5 61. a4 Rxa4 62. Kd3 Rh4 0-1

[Event "Ideal Clave op"]
[Site "Barcelona"]
[Date "1997.11.22"]
[Round "8"]
[White "Casaponsa Puig, Gaieta"]
[Black "Gonzalez Garcia, Marc"]
[Result "1/2-1/2"]
[WhiteElo "2035"]
[BlackElo "1990"]
[PlyCount "74"]
[EventDate "1997.09.??"]
[EventType "swiss"]
[EventRounds "9"]
[EventCountry "ESP"]
[SourceTitle "EXT 2003"]
[Source "ChessBase"]
[SourceDate "2002.11.25"]
[SourceVersion "1"]
[SourceVersionDate "2002.11.25"]
[SourceQuality "1"]

1. d4 d5 2. Nf3 c6 3. e3 Bg4 4. c4 e6 5. Nbd2 f5 6. h3 Bh5 7. Be2 Nd7 8. a3 h6 9. cxd5 cxd5 10. Qa4 a6 11. Nf1 Bd6 12. Bd2 b5 13. Qb3 Qb6 14. Bb4 Ngf6 15. Bxd6 Qxd6 16. Ng3 Bxf3 17. Bxf3 Kf7 18. 0-0 Nb6 19. Rfc1 Rhc8 20. Be2 Ne8 21. Nh5 g6 22. Nf4 Qd8 23. Nd3 Na4 24. Qb4 Qd6 25. Qd2 Kg7 26. b3 Nb6 27. Nc5 Nd7 28. b4 Nb6 29. Qe1 Nf6 30. f3 Kf7 31. Rcb1 Nc4 32. Bd3 Kg7 33. a4 Nd7 34. Bxc4 dxc4 35. Qc3 Kh7 36. Rd1 Qe7 37. f4 Nf6 1/2-1/2

[Event "Ideal Clave op"]
[Site "Barcelona"]
[Date "1997.11.15"]
[Round "7"]
[White "Subirats Martinez, Miquel Angel"]
[Black "Casaponsa Puig, Gaieta"]
[Result "1/2-1/2"]
[WhiteElo "2025"]
[BlackElo "2035"]
[PlyCount "26"]
[EventDate "1997.09.??"]
[EventType "swiss"]
[EventRounds "9"]
[EventCountry "ESP"]
[SourceTitle "EXT 2003"]
[Source "ChessBase"]
[SourceDate "2002.11.25"]
[SourceVersion "1"]
[SourceVersionDate "2002.11.25"]
[SourceQuality "1"]

1. e4 c5 2. f4 Nc6 3. Nf3 d6 4. Bb5 Qb6 5. Bxc6+ Qxc6 6. Nc3 Nf6 7. d3 e6 8. 0-0 Be7 9. Bd2 0-0 10. Kh1 a6 11. a4 Bd7 12. Qe1 Rfe8 13. Qg3 Rf8 1/2-1/2

[Event "Ideal Clave op"]
[Site "Barcelona"]
[Date "1997.10.18"]
[Round "4"]
[White "Boloix Pahissa, Xavier"]
[Black "Casaponsa Puig, Gaieta"]
[Result "1-0"]
[WhiteElo "2005"]
[BlackElo "2040"]
[PlyCount "105"]
[EventDate "1997.09.??"]
[EventType "swiss"]
[EventRounds "9"]
[EventCountry "ESP"]
[SourceTitle "EXT 2003"]
[Source "ChessBase"]
[SourceDate "2002.11.25"]
[SourceVersion "1"]
[SourceVersionDate "2002.11.25"]
[SourceQuality "1"]

1. e4 c5 2. Nf3 d6 3. d4 cxd4 4. c3 dxc3 5. Nxc3 e6 6. Bc4 Be7 7. 0-0 a6 8. Qe2 Nf6 9. Rd1 Qc7 10. Bf4 0-0 11. Rac1 Nc6 12. Bb3 Qb8 13. e5 Ne8 14. exd6 Bxd6 15. Rxd6 Nxd6 16. Rd1 e5 17. Nxe5 Nxe5 18. Bxe5 Re8 19. Bxd6 Rxe2 20. Bxb8 Re8 21. Bf4 Be6 22. Bxe6 Rxe6 23. g3 h6 24. Nd5 Re2 25. Bc1 b5 26. Kf1 Rc2 27. Ne3 Rc6 28. Bd2 Kh7 29. Bc3 a5 30. a3 Rb6 31. Rd7 Kg8 32. Nd5 Rbb8 33. Ne7+ Kf8 34. Nf5 b4 35. Bxg7+ Kg8 36. Bxh6 bxa3 37. bxa3 Rb3 38. Rd4 Ra7 39. Bg7 Rf3 40. g4 Rxa3 41. h4 Ra8 42. Rd6 Rf3 43. Be5 Re8 44. Bd4 Re6 45. Rd8+ Kh7 46. h5 f6 47. Ra8 Rf4 48. Ra7+ Kh8 49. Be3 Rxg4 50. Rxa5 Re5 51. Ra8+ Kh7 52. Ra7+ Kh8 53. Nh6 1-0